| 000 | 00643nam a2200205Ii 4500 | ||
|---|---|---|---|
| 003 | JO-AjNU | ||
| 008 | 230606s9999||||xx |||||||||||||| ||und|| | ||
| 020 | _a0-7494-5301-X/978-0-7494-5301-5 | ||
| 040 |
_aJO-AjNU _beng _erda _cJO-AjNU |
||
| 041 | _aeng | ||
| 050 | 1 | 4 | _aHD38.5.W3844.2007 |
| 100 | 3 |
_aWaters,Donald, _eauthor _91254 |
|
| 245 | 0 | 0 | _aSUPPLY CHAIN RISK MANAGEMENT Vulnerability and Resilience in Logistics |
| 264 | 3 | 1 | _aLondon:KOGAN PAGE,2007 |
| 300 | _a256p | ||
| 336 |
_atext _btxt _2rdacontent |
||
| 337 |
_aunmediated _bn _2rdamedia |
||
| 338 |
_avolume _bnc _2rdacarrier |
||
| 650 | 4 |
_aBusiness logistics-risk management _91255 |
|
| 999 |
_aE661 _c661 _d661 |
||